Begins and Ends with 'A' Quiz Stats

 Plays Quiz Updated Jun 6, 2018

Score 0/16 Timer 04:00
7 Plays Today
Hint Word % Correct
Complete or partial loss of memoryAmnesia
87.2%
A distinctive pervasive and usually pleasant or savory smellAroma
86.8%
For a circle is it π(pi)r2Area
85.4%
Chronic lung disorder that manifests in labored breathingAsthma
82.4%
Branch of mathematics utilizing letters and other symbols to represent sets of numbers and valuesAlgebra
81.8%
The arterial trunk that carries blood from the heart to be distributed throughout the bodyAorta
77.4%
A field of conflict, activity, or endeavor like the Staples CenterArena
74.7%
Temporary suspension of breathing during sleepApnea
69.2%
Hint Word % Correct
A cell or organism that can alter its shape, primarily by extending and retracting pseudopodsAmoeba
67.4%
Insect head appendage or a conductor by which electromagnetic waves are sent and receivedAntenna
66.4%
Colorless, pungent, suffocating, highly water-soluble, gaseous compound used in cleaningAmmonia
64.5%
A list, plan, outline, or the like, of things to be doneAgenda
64.4%
An elaborate melody sung solo with accompaniment, as in an operaAria
55.2%
The food of the godsAmbrosia
42.2%
A Mediterranean plant having pungent leaves used in saladsArugula
38.4%
Pain or discomfort in the chest caused by a lack of oxygen-rich blood reaching the heartAngina
14%

You're not logged in!

Compare scores with friends on all Sporcle quizzes.
OR
Log In

Sporcle TV

Today on Sporcle TV


Watch our educational content, quiz creation guides, and fun videos on Sporcle TV.

Show Comments

Extras

Top Quizzes Today


Score Distribution

Your Account Isn't Verified!

In order to create a playlist on Sporcle, you need to verify the email address you used during registration. Go to your Sporcle Settings to finish the process.

Report this User

Report this user for behavior that violates our Community Guidelines.

Details: